Fishing Cat Range Countries - Statistics

General Stats
  • This quiz has been taken 38 times
  • The average score is 7 of 8
Answer Stats
Country % Correct
India
96%
Bangladesh
84%
Myanmar
84%
Nepal
84%
Pakistan
84%
Thailand
80%
Cambodia
76%
Sri Lanka
72%
No matching quizzes found
Score Distribution
Percent of People with Each Score
Percentile by Number Answered
Your Score History
You have not taken this quiz